Saint Augustine / (Record no. 43231)
[ view plain ]
| 000 -LEADER | |
|---|---|
| fixed length control field | 01519nam a2200289 a 4500 |
| 001 - CONTROL NUMBER | |
| control field | stmu020049 |
| 005 - DATE AND TIME OF LATEST TRANSACTION | |
| control field | 20180911162242.0 |
| 008 - FIXED-LENGTH DATA ELEMENTS--GENERAL INFORMATION | |
| fixed length control field | 941208s1957 ohu b 001 0deng |
| 010 ## - LIBRARY OF CONGRESS CONTROL NUMBER | |
| LC control number | 57011671 |
| 035 ## - SYSTEM CONTROL NUMBER | |
| System control number | (Sirsi) l57011671 |
| 035 ## - SYSTEM CONTROL NUMBER | |
| System control number | (OCoLC)219292683 |
| 245 00 - TITLE STATEMENT | |
| Title | Saint Augustine / |
| Statement of responsibility, etc | by M. C. D'Arcy...[et al.]. |
| 246 34 - VARYING FORM OF TITLE | |
| Title proper/short title | St. Augustine : |
| Remainder of title | his age, life and thought |
| 250 ## - EDITION STATEMENT | |
| Edition statement | [Meridian Books ed.] |
| 260 ## - PUBLICATION, DISTRIBUTION, ETC. (IMPRINT) | |
| Place of publication, distribution, etc | Cleveland, Ohio : |
| Name of publisher, distributor, etc | Meridian Books, |
| Date of publication, distribution, etc | c1961. |
| 300 ## - PHYSICAL DESCRIPTION | |
| Extent | 367 p. ; |
| Dimensions | 19 cm. |
| 336 ## - CONTENT TYPE | |
| Content Type Term | text |
| 337 ## - MEDIA TYPE | |
| Media Type Term | unmediated |
| 338 ## - CARRIER TYPE | |
| Carrier Type Term | volume |
| 500 ## - GENERAL NOTE | |
| General note | First published in 1930 under title: A monument to Saint Augustine. |
| 504 ## - BIBLIOGRAPHY, ETC. NOTE | |
| Bibliography, etc | Includes bibliographical references and index. |
| 505 0# - FORMATTED CONTENTS NOTE | |
| Formatted contents note | St. Augustine and his age / by Christopher Dawson -- A sketch of the life and character of St. Augustine / by C. C. Martindale -- The mysticism of St. Augustine / by E. I. Watkin -- St. Augustine and humanism / by John-Baptist Reeves -- The philosophy of St. Augustine / by M. C. D'Arcy -- St. Augustine and St. Thomas Aquinas / by Jacques Maritain -- St. Augustine's system of morals / by Bernard Roland-Gosselin -- St. Augustine and the modern world / by Erich Przywara -- The future of Augustinian metaphysics / by Etienne Gilson -- The latent resources in St. Augustine's thought / by Maurice Blondel. |
| 600 00 - SUBJECT ADDED ENTRY--PERSONAL NAME | |
| Personal name | Augustine, |
| Titles and other words associated with a name | Saint, Bishop of Hippo. |
| 700 1# - ADDED ENTRY--PERSONAL NAME | |
| Personal name | D'Arcy, Martin Cyril, |
| Dates associated with a name | 1888-1976. |
| 740 2# - ADDED ENTRY--UNCONTROLLED RELATED/ANALYTICAL TITLE | |
| Uncontrolled related/analytical title | A monument to Saint Augustine. |
| 942 ## - ADDED ENTRY ELEMENTS (KOHA) | |
| Source of classification or shelving scheme | Library of Congress Classification |
| Item type | Books |
| Withdrawn status | Lost status | Source of classification or shelving scheme | Damaged status | Not for loan | Home library | Current library | Shelving location | Date acquired | Source of acquisition | Inventory number | Total Checkouts | Full call number | Barcode | Date last seen | Price effective from | Koha item type |
|---|---|---|---|---|---|---|---|---|---|---|---|---|---|---|---|---|
| Library of Congress Classification | BSOP Library | BSOP Library | GC | 09/11/2018 | Donation | 42832 | BR1720.A9 Au4 1961 | 00053832 | 09/11/2018 | 09/11/2018 | Books |
